000
00295 a2200145 4500
001
176139
020
_a
040
_c
Magnum
100
_a
Pbh
240
1
0
_a
Alternativas alimentares
_l
por
245
1
0
_a
Alternativas alimentares
362
0
_a
1899
697
_a
MAGNITO: GERAL
942
_c
BK
999
_c
176139
_d
176139